000 01022nam a2200265 i 4500
001 bg
100 1 _aLEJDY, Brunon
_d(1943- )
245 1 0 _aInstalacje elektryczne w obiektach budowlanych /
_cBrunon Lejdy.
250 _aWyd. 2 zm.
260 _aWarszawa :
_bWydawnictwa Naukowo-Techniczne,
_ccop. 2005.
300 _a421, [1] s. :
_bil. ;
_c25 cm.
504 _aBibliogr. s. 345-352. Indeks.
521 _aDla uczniów liceów o profilu elektrycznym, studentów wydz. elektrycznych wyższych szkół technicznych oraz dla inżynierów i techników zajmujących się projektowaniem, wykonawstwem i eksploatacją instalacji elektrycznych.
650 9 _aInstalacje elektryczne
655 _aPodręczniki
015 _aPB 4222/2006
020 _a8320431166
040 _cBPK
041 _apol
080 _a696(07)
920 _a83-204-3116-6
942 _cKS
008 s pl f |000 0 pol
999 _c52318
_d52318
856 _uhttp://koha.tu.koszalin.pl/cgi-bin/koha/opac-detail.pl?biblionumber=52318
_yKatalog online BPK